000 00693nam a2200241Ia 4500
003 OSt
005 20220925220734.0
006 a|||||r|||| 00| 0
007 ta
008 220923b |||||||| |||| 00| 0 eng d
020 _a033354224X
037 _cGeneral Book
040 _aRTL
_cRTL
_beng
041 _2eng
_aeng
082 _aX:3M24xM18:g, N1
100 _aHodgson Geoffrey M
_928941
245 0 _aAfter Marx and Sraffa
_b Essays in political economy
260 _aLondon
_bMacmillan
_c1991
300 _axiv,279p
_ccm.
500 _aBibliography: p 244-270
942 _hX:3M24xM18:g, N1
_cGB
_2CC
999 _c572289
_d572289